[Event "Hofheim Spring op-B 5th"]
[Site "Hofheim"]
[Date "2017.04.09"]
[Round "5"]
[White "Kaulbars, Pascal"]
[Black "Schwarz, Matthias1"]
[Result "1-0"]
[WhiteElo "1777"]
[BlackElo "1641"]
[PlyCount "107"]
[EventDate "2017.04.07"]
[EventType "swiss"]
[EventRounds "9"]
[EventCountry "GER"]
[SourceTitle "CBM 178 Extra"]
[Source "ChessBase"]
[SourceDate "2017.06.22"]
[SourceVersion "1"]
[SourceVersionDate "2017.06.22"]
[SourceQuality "1"]

1. d4 Nf6 2. c4 e6 3. Nf3 b6 4. g3 Ba6 5. Nbd2 c6 6. Bg2 d5 7. b3 Be7 8. 0-0 0-0 9. Bb2 Nbd7 10. Re1 Rc8 11. Qc2 Bb7 12. e4 dxe4 13. Nxe4 Nxe4 14. Qxe4 Nf6 15. Qc2 c5 16. Rad1 Qc7 17. d5 exd5 18. cxd5 Nxd5 19. Be5 Bd6 20. Ng5 g6 21. Bxd5 Bxe5 22. Bxb7 Qxb7 23. Rxe5 f6 24. Qc4+ Kh8 25. Red5 fxg5 26. Rd7 Qf3 27. Qc2 Rf7 28. Qb2+ Kg8 29. R1d3 Qf5 30. R7d5 Qe6 31. Re5 Qc6 32. Qd2 Qf6 33. Rxg5 Re8 34. Rgd5 Rfe7 35. Rd8 Rxd8 36. Rxd8+ Kg7 37. Qd5 Rf7 38. Qd2 Re7 39. Rd7 Rxd7 40. Qxd7+ Qf7 41. Qd6 Qf6 42. Qd7+ Qf7 43. Qb5 Qe7 44. Qc4 Qf7 45. f4 Qxc4 46. bxc4 Kf7 47. Kf2 Kf6 48. Ke3 a6 49. a4 h6 50. Ke4 Ke6 51. h3 Kd6 52. g4 a5 53. f5 gxf5+ 54. gxf5 1-0

[Event "Hofheim Spring op-B 5th"]
[Site "Hofheim"]
[Date "2017.04.08"]
[Round "3"]
[White "Kaulbars, Pascal"]
[Black "Goodwin, David"]
[Result "1-0"]
[WhiteElo "1777"]
[BlackElo "1536"]
[PlyCount "75"]
[EventDate "2017.04.07"]
[EventType "swiss"]
[EventRounds "9"]
[EventCountry "GER"]
[SourceTitle "CBM 178 Extra"]
[Source "ChessBase"]
[SourceDate "2017.06.22"]
[SourceVersion "1"]
[SourceVersionDate "2017.06.22"]
[SourceQuality "1"]

1. d4 g6 2. Nf3 Bg7 3. c4 d6 4. Nc3 Nd7 5. e4 e5 6. d5 Ngf6 7. Be2 Nc5 8. Qc2 0-0 9. b4 Ncd7 10. 0-0 c5 11. dxc6 bxc6 12. Rd1 Qc7 13. Qd3 d5 14. cxd5 cxd5 15. Nxd5 Nxd5 16. Qxd5 Nb6 17. Qd3 Bb7 18. Bg5 h6 19. Rac1 Qb8 20. Be7 Re8 21. Bd6 Qd8 22. Rc7 Bd5 23. Qc2 Qxd6 24. a3 Rec8 25. Rc5 Re8 26. exd5 e4 27. Nd4 e3 28. f3 Bxd4 29. Rxd4 Re5 30. Rc6 Qd7 31. d6 Nd5 32. b5 g5 33. g3 h5 34. Qb3 Qf5 35. Qd3 Qe6 36. Re4 Nf6 37. d7 Qxd7 38. Rxe5 1-0

[Event "Hofheim Spring op-B 3rd"]
[Site "Hofheim"]
[Date "2015.04.08"]
[Round "2"]
[White "Fuell, Klaus Dieter"]
[Black "Kaulbars, Pascal"]
[Result "1-0"]
[WhiteElo "1877"]
[BlackElo "1612"]
[PlyCount "85"]
[EventDate "2015.04.07"]
[EventType "swiss"]
[EventRounds "9"]
[EventCountry "GER"]
[SourceTitle "CBM 166 Extra"]
[Source "ChessBase"]
[SourceDate "2015.06.18"]
[SourceVersion "1"]
[SourceVersionDate "2015.06.18"]
[SourceQuality "1"]

1. e4 e5 2. Nf3 Nc6 3. Bc4 Bc5 4. 0-0 Nf6 5. Qe2 0-0 6. c3 d6 7. h3 Be6 8. b4 Bb6 9. a4 a5 10. b5 Ne7 11. d4 Bxc4 12. Qxc4 exd4 13. cxd4 Nxe4 14. d5 Nf6 15. Nc3 Qd7 16. Be3 Bxe3 17. fxe3 c6 18. e4 cxd5 19. Nxd5 Nexd5 20. exd5 Qc8 21. Qd3 Qc5+ 22. Kh1 Qxd5 23. Qxd5 Nxd5 24. Rad1 Nc3 25. Rxd6 Rfd8 26. Rd4 Rxd4 27. Nxd4 Rd8 28. Nf5 Rd1 29. Rxd1 Nxd1 30. Nd6 Nc3 31. Nxb7 Nxa4 32. Nxa5 Kf8 33. Nc4 Ke7 34. Kg1 Kd8 35. Kf2 Kc7 36. Ke3 Nb6 37. Nb2 Nd5+ 38. Kd4 Nf4 39. Kc5 Nxg2 40. b6+ Kb8 41. Nd3 f5 42. Kc6 Ne3 43. Ne5 1-0

[Event "Karl Mala Memorial op-B 16th"]
[Site "Frankfurt"]
[Date "2013.07.13"]
[Round "5"]
[White "Kaulbars, Pascal"]
[Black "Deppe, Leo Max"]
[Result "0-1"]
[WhiteElo "1612"]
[BlackElo "1339"]
[PlyCount "54"]
[EventDate "2013.07.11"]
[EventType "swiss"]
[EventRounds "7"]
[EventCountry "GER"]
[SourceTitle "CBM 155 Extra"]
[Source "ChessBase"]
[SourceDate "2013.08.26"]
[SourceVersion "1"]
[SourceVersionDate "2013.08.26"]
[SourceQuality "1"]

1. e4 e5 2. Nf3 Nc6 3. Bc4 Bc5 4. d3 h6 5. 0-0 Nf6 6. Nc3 0-0 7. Na4 Bb6 8. Nxb6 axb6 9. Be3 d6 10. h3 Na5 11. Bb5 c6 12. Bc4 Nxc4 13. dxc4 Nxe4 14. Qd3 Bf5 15. Nh4 Bh7 16. Nf5 Bxf5 17. f3 Ng3 18. Qb3 Nxf1 19. Rxf1 c5 20. f4 Be4 21. f5 d5 22. f6 g5 23. c3 dxc4 24. Qxc4 Qd3 25. Qb3 Qxe3+ 26. Kh1 Qxh3+ 27. Kg1 Qxg2# 0-1

[Event "Karl Mala Memorial op 15th"]
[Site "Frankfurt"]
[Date "2012.07.08"]
[Round "7"]
[White "Kaulbars, Pascal"]
[Black "Diyap, Murat"]
[Result "0-1"]
[WhiteElo "1571"]
[BlackElo "1937"]
[PlyCount "34"]
[EventDate "2012.07.05"]
[EventType "swiss"]
[EventRounds "7"]
[EventCountry "GER"]
[SourceTitle "CBM 149 Extra"]
[Source "ChessBase"]
[SourceDate "2012.08.24"]
[SourceVersion "1"]
[SourceVersionDate "2012.08.24"]
[SourceQuality "1"]

1. e4 c5 2. Nf3 Nc6 3. d4 cxd4 4. Nxd4 Nf6 5. Nc3 e5 6. Ndb5 d6 7. Bg5 a6 8. Na3 b5 9. Nd5 Be7 10. Nxe7 Nxe7 11. c4 Nxe4 12. Bxe7 Qa5+ 13. Ke2 Kxe7 14. Qd5 Qxa3 15. Qxe4 Qxb2+ 16. Kf3 Qxa1 17. Qxa8 Bg4+ 0-1

[Event "Karl Mala Memorial op 15th"]
[Site "Frankfurt"]
[Date "2012.07.07"]
[Round "5"]
[White "Kaulbars, Pascal"]
[Black "Barzen, Anne"]
[Result "1-0"]
[WhiteElo "1571"]
[BlackElo "1225"]
[PlyCount "53"]
[EventDate "2012.07.05"]
[EventType "swiss"]
[EventRounds "7"]
[EventCountry "GER"]
[SourceTitle "CBM 149 Extra"]
[Source "ChessBase"]
[SourceDate "2012.08.24"]
[SourceVersion "1"]
[SourceVersionDate "2012.08.24"]
[SourceQuality "1"]

1. e4 e5 2. f4 d6 3. Nf3 Bg4 4. h3 Bxf3 5. Qxf3 Nc6 6. Bc4 Qf6 7. d3 0-0-0 8. Nc3 Nge7 9. Be3 Nd4 10. Qf2 a6 11. g4 d5 12. Bxd5 Nxd5 13. Nxd5 Qc6 14. 0-0 h5 15. g5 Rxd5 16. exd5 Qxd5 17. fxe5 Be7 18. Bxd4 Bxg5 19. Bc3 Qe6 20. Qf5 Be3+ 21. Kh2 g5 22. Qxf7 Qc6 23. e6 Qd6+ 24. Kg2 Qc6+ 25. Qf3 Qxe6 26. Bxh8 Bf4 27. Qe4 1-0

[Event "Karl Mala Memorial op 15th"]
[Site "Frankfurt"]
[Date "2012.07.05"]
[Round "1"]
[White "Kaulbars, Pascal"]
[Black "Heilmann, Uwe"]
[Result "0-1"]
[WhiteElo "1571"]
[BlackElo "2080"]
[PlyCount "102"]
[EventDate "2012.07.05"]
[EventType "swiss"]
[EventRounds "7"]
[EventCountry "GER"]
[SourceTitle "CBM 149 Extra"]
[Source "ChessBase"]
[SourceDate "2012.08.24"]
[SourceVersion "1"]
[SourceVersionDate "2012.08.24"]
[SourceQuality "1"]

1. e4 e5 2. f4 d5 3. exd5 exf4 4. Nf3 Nf6 5. Nc3 Nxd5 6. Nxd5 Qxd5 7. d4 Bd6 8. c4 Bb4+ 9. Bd2 Qe4+ 10. Be2 Bxd2+ 11. Qxd2 0-0 12. 0-0-0 Bf5 13. Bd3 Qxd3 14. Qxd3 Bxd3 15. Rxd3 Nd7 16. Rf1 f6 17. Nh4 g5 18. Nf5 Rae8 19. Kd2 Kf7 20. d5 Re4 21. Re1 Rfe8 22. Rxe4 Rxe4 23. Rd4 Rxd4+ 24. Nxd4 Ne5 25. b3 Ke7 26. Nb5 c6 27. dxc6 Nxc6 28. Nc7 Kd6 29. Nd5 Ke5 30. Kd3 h5 31. Ke2 g4 32. Kf2 h4 33. g3 fxg3+ 34. hxg3 h3 35. Ne3 f5 36. Nd5 Nd4 37. Ne3 Nf3 38. a4 Nd2 39. b4 Ne4+ 40. Kg1 Nxg3 41. b5 Ne4 42. a5 g3 43. Nf1 f4 44. Nd2 Nxd2 45. c5 Kd5 46. c6 Nf3+ 47. Kf1 g2+ 48. Ke2 bxc6 49. b6 Nd4+ 50. Kf2 axb6 51. a6 Nb5 0-1

[Event "Hessen-chB"]
[Site "Offenbach"]
[Date "2012.04.05"]
[Round "1"]
[White "Kaulbars, Pascal"]
[Black "Mattusch, Ralf"]
[Result "1/2-1/2"]
[WhiteElo "1540"]
[BlackElo "1661"]
[PlyCount "127"]
[EventDate "2012.04.05"]
[EventType "swiss"]
[EventRounds "7"]
[EventCountry "GER"]
[SourceTitle "EXT 2013"]
[Source "ChessBase"]
[SourceDate "2012.11.22"]
[SourceVersion "1"]
[SourceVersionDate "2012.11.22"]
[SourceQuality "1"]

1. e4 e6 2. d4 d5 3. e5 c5 4. c3 Nc6 5. Nf3 cxd4 6. cxd4 Bb4+ 7. Nc3 Qb6 8. Be2 Nge7 9. 0-0 Nf5 10. Na4 Qc7 11. a3 Be7 12. b4 Bd7 13. Bb2 Rc8 14. Rc1 Qd8 15. b5 Na5 16. Rxc8 Qxc8 17. Nd2 b6 18. Qc1 0-0 19. Rd1 Bg5 20. Qb1 Qb7 21. g3 g6 22. h4 Be7 23. Qa2 Rc8 24. Nf3 Rc7 25. Rc1 Qc8 26. Qb1 Nc4 27. Qc2 Bxb5 28. Nc3 Bd7 29. Qb3 Qb7 30. Nb5 Bxb5 31. Qxb5 Nxb2 32. Qxb2 Qc8 33. Re1 h6 34. Bd3 Rc3 35. Bxf5 exf5 36. Re3 Rxe3 37. fxe3 Qc4 38. Kf2 b5 39. Nd2 Qd3 40. Nb1 a5 41. Nc3 b4 42. Nxd5 Qxa3 43. Nxe7+ Kf8 44. Qc2 b3 45. Nxg6+ fxg6 46. Qc8+ Kg7 47. Qd7+ Kf8 48. Qd8+ Kf7 49. Qf6+ Ke8 50. Qxg6+ Kd8 51. Qf6+ Kc7 52. e6 b2 53. Qe5+ Kc6 54. d5+ Kb7 55. Qxf5 Qb4 56. Qb1 Qd2+ 57. Kf3 Qc1 58. Qh7+ Kb6 59. e7 Qf1+ 60. Kg4 Qe2+ 61. Kf4 Qc4+ 62. Ke5 Qc3+ 63. Ke6 Qc8+ 64. Kf7 1/2-1/2

[Event "Hessen-chB"]
[Site "Offenbach"]
[Date "2012.04.05"]
[Round "3"]
[White "Kaulbars, Pascal"]
[Black "Naneder, Maximilian"]
[Result "1-0"]
[WhiteElo "1540"]
[BlackElo "1734"]
[PlyCount "71"]
[EventDate "2012.04.05"]
[EventType "swiss"]
[EventRounds "7"]
[EventCountry "GER"]
[SourceTitle "EXT 2013"]
[Source "ChessBase"]
[SourceDate "2012.11.22"]
[SourceVersion "1"]
[SourceVersionDate "2012.11.22"]
[SourceQuality "1"]

1. e4 e6 2. d4 d5 3. e5 c5 4. c3 Nc6 5. Nf3 Qb6 6. a3 c4 7. Be2 Na5 8. Nbd2 Bd7 9. 0-0 f6 10. Rb1 Nb3 11. Nxb3 Ba4 12. Nfd2 fxe5 13. Qe1 Bxb3 14. Nxb3 Qxb3 15. Bd1 Qb5 16. Qxe5 Kd7 17. Bg4 Qb6 18. Qxd5+ Ke8 19. Bxe6 Rd8 20. Bf7+ Ke7 21. Re1+ Kf6 22. Re6+ Kxf7 23. Qf5+ Nf6 24. Rxb6 axb6 25. Bg5 Rd5 26. Qf4 Bd6 27. Qh4 Nd7 28. Qh5+ Kg8 29. Qe8+ Nf8 30. Be7 Bxe7 31. Qxe7 Rd7 32. Qe5 h6 33. Re1 Kh7 34. Qf5+ g6 35. Qf6 Rf7 36. Qxf7# 1-0

[Event "Karl Mala Memorial op 14th"]
[Site "Frankfurt"]
[Date "2011.07.10"]
[Round "7"]
[White "Lochmann, Tobias"]
[Black "Kaulbars, Pascal"]
[Result "0-1"]
[WhiteElo "744"]
[BlackElo "1459"]
[PlyCount "46"]
[EventDate "2011.07.07"]
[EventType "swiss"]
[EventRounds "7"]
[EventCountry "GER"]
[SourceTitle "EXT 2012"]
[Source "ChessBase"]
[SourceDate "2011.11.24"]
[SourceVersion "1"]
[SourceVersionDate "2011.11.24"]
[SourceQuality "1"]

1. e4 g6 2. Nc3 Bg7 3. Bb5 c6 4. Bc4 b5 5. Bf1 Qb6 6. Nf3 Nf6 7. d4 0-0 8. Be3 d5 9. Bd3 Qa5 10. Bd2 b4 11. 0-0 bxc3 12. bxc3 dxe4 13. Be2 exf3 14. Bxf3 Nd5 15. h3 Nxc3 16. Bxc3 Qxc3 17. Rb1 Bxd4 18. Re1 Rd8 19. Re4 Bxf2+ 20. Kxf2 Rxd1 21. Rxd1 Qxc2+ 22. Re2 Qxd1 23. g4 Qd4+ 0-1

[Event "Hessen-ch Gr-F"]
[Site "Idstein"]
[Date "2009.04.10"]
[Round "2"]
[White "Kaulbars, Pascal"]
[Black "Faysal, Wasim"]
[Result "1/2-1/2"]
[WhiteElo "1018"]
[BlackElo "1192"]
[PlyCount "71"]
[EventDate "2009.04.10"]
[EventType "swiss"]
[EventRounds "5"]
[EventCountry "GER"]
[SourceTitle "EXT 2010"]
[Source "ChessBase"]
[SourceDate "2010.11.25"]
[SourceVersion "1"]
[SourceVersionDate "2010.11.25"]
[SourceQuality "1"]

1. e4 e5 2. Nf3 Nc6 3. Nc3 Bc5 4. Bc4 Nf6 5. d3 h6 6. 0-0 0-0 7. h3 d6 8. Na4 Bb6 9. Nxb6 axb6 10. Be3 Be6 11. Bb3 Qd7 12. Kh2 d5 13. Qc1 Kh7 14. c3 dxe4 15. dxe4 Bxb3 16. axb3 Rxa1 17. Qxa1 Nxe4 18. Qb1 f5 19. Rd1 Qe7 20. Qd3 Rd8 21. Qc2 Rxd1 22. Qxd1 f4 23. Qc2 fxe3 24. Qxe4+ Kg8 25. Qxe3 e4 26. Nd2 Qe5+ 27. Kg1 Ne7 28. Qxe4 Qd6 29. Nc4 Qd1+ 30. Kh2 Nc6 31. b4 b5 32. Na5 Qd6+ 33. Kg1 Nxa5 34. bxa5 Qa6 35. Qe8+ Kh7 36. Qe4+ 1/2-1/2

[Event "Karl Mala Memorial op 11th"]
[Site "Frankfurt"]
[Date "2008.06.29"]
[Round "6"]
[White "Oez, Eda"]
[Black "Kaulbars, Pascal"]
[Result "1-0"]
[WhiteElo "1505"]
[BlackElo "1002"]
[PlyCount "105"]
[EventDate "2008.06.26"]
[EventType "swiss"]
[EventRounds "7"]
[EventCountry "GER"]
[SourceTitle "CBM 125 Extra"]
[Source "ChessBase"]
[SourceDate "2008.09.01"]
[SourceVersion "1"]
[SourceVersionDate "2008.09.01"]
[SourceQuality "1"]

1. e4 e6 2. Nf3 d5 3. Nc3 c5 4. d4 Nc6 5. e5 Qb6 6. Bb5 Bd7 7. Bxc6 Bxc6 8. 0-0 Ne7 9. dxc5 Qxc5 10. Be3 Qa5 11. Nd4 Qc7 12. f4 Ng6 13. Qg4 Bd7 14. Kh1 Qc8 15. Bg1 h5 16. Qh3 Ne7 17. Rac1 Nc6 18. Nce2 Be7 19. c3 Na5 20. Qd3 Nc4 21. b3 Nb6 22. f5 Rh6 23. Be3 Rh8 24. Bd2 Bd8 25. Rf3 Bc7 26. fxe6 Bxe6 27. Bf4 Qd7 28. Nxe6 Qxe6 29. Qb5+ Qd7 30. Nd4 0-0-0 31. Qxd7+ Nxd7 32. e6 Nf6 33. Bg5 Rde8 34. Bxf6 gxf6 35. Rxf6 Bb6 36. exf7 Ref8 37. g3 Rh7 38. Rcf1 Kd7 39. Kg2 Bxd4 40. cxd4 Ke7 41. Kh3 Rhxf7 42. Rxf7+ Rxf7 43. Rxf7+ Kxf7 44. g4 Kg6 45. Kg3 hxg4 46. Kxg4 b5 47. h4 a5 48. h5+ Kf6 49. Kf4 Ke6 50. h6 Kf7 51. Ke5 Kg6 52. Kxd5 Kxh6 53. Ke6 1-0

[Event "Karl Mala Memorial op 11th"]
[Site "Frankfurt"]
[Date "2008.06.27"]
[Round "2"]
[White "De Visser, Leon"]
[Black "Kaulbars, Pascal"]
[Result "1-0"]
[WhiteElo "1963"]
[BlackElo "1002"]
[PlyCount "59"]
[EventDate "2008.06.26"]
[EventType "swiss"]
[EventRounds "7"]
[EventCountry "GER"]
[SourceTitle "CBM 125 Extra"]
[Source "ChessBase"]
[SourceDate "2008.09.01"]
[SourceVersion "1"]
[SourceVersionDate "2008.09.01"]
[SourceQuality "1"]

1. d4 d5 2. c4 e6 3. Nc3 Nf6 4. cxd5 exd5 5. Bg5 c6 6. e3 Bd6 7. Bd3 Nbd7 8. Qc2 Qc7 9. Nge2 b6 10. Rc1 Bb7 11. a3 Rc8 12. Ng3 g6 13. 0-0 h6 14. Bxf6 Nxf6 15. e4 Bf4 16. Rce1 Kd7 17. e5 Nh7 18. Nge2 Bg5 19. f4 Be7 20. f5 Rcg8 21. fxg6 Ng5 22. gxf7 Rg7 23. Ng3 Kd8 24. Bg6 Bc8 25. Nh5 Nh3+ 26. gxh3 Bxh3 27. Nxg7 Qc8 28. Bf5 Bxf5 29. Qxf5 Qc7 30. Ne6+ 1-0